| 000 | 00638nam a2200229Ia 4500 | ||
|---|---|---|---|
| 008 | 180620s9999 xx 000 0 und d | ||
| 020 | _a974-8279-66-9 | ||
| 050 | _aREF TS 2301 | ||
| 050 | _b.A7J38 1999 | ||
| 100 | _aJaves, Carol. | ||
| 245 | 0 | _aManaging multimedia equipment / | |
| 245 | 0 | _cCarol javes. | |
| 260 | _aBangkok, Thailand : | ||
| 260 | _bBook Promotion & Service Co., Ltd. | ||
| 260 | _c1999 | ||
| 300 | _a144 pages : | ||
| 300 | _billustrations ; | ||
| 300 | _c30 cm. | ||
| 440 | _aLibrary Education Series | ||
| 500 | _aIncludes bibliographical references and index. | ||
| 650 | _aAudio-visual equipment. | ||
| 999 |
_c358036 _d358036 |
||